[Event "Herbert W. Gustafson Memorial Open, S47059"]
[Site "CCLA"]
[Date "2014.10.27"]
[Round "?"]
[White "Carter, Maurice H."]
[Black "Beavan, Robert"]
[Result "1/2-1/2"]
[WhiteElo "2041"]
[BlackElo "1937"]

1. c4 c6 2. g3 d5 3. Bg2 Nf6 4. cxd5 cxd5 5. d4 Nc6 6. Nc3 Bf5 7. Nf3 e6 
8. Nh4 Bg4 9. h3 Bh5 10. g4 Nd7 11. Nf3 Bg6 12. Bf4 Be7 13. Qd2 O-O 14. 
O-O h6 15. Rfc1 Nb6 16. e3 Nc4 17. Qe2 Nb4 18. Ne1 Rc8 19. a3 Nc6 20. Ra2 
Bd6 21. Bxd6 Nxd6 22. Raa1 Na5 23. Qd1 Qb6 24. b4 Nac4 25. Bf1 Qd8 26. Ng2
Qf6 27. a4 Ne4 28. Nxe4 Bxe4 29. b5 b6 30. Be2 Na5 31. Ra3 Rxc1 1/2-1/2

[Event "Premier Quad, S40279"]
[Site "CCLA"]
[Date "2014.09.12"]
[Round "?"]
[White "Pronovost, David"]
[Black "Rasmussen, Bruce A."]
[Result "1-0"]
[WhiteElo "1799"]
[BlackElo "1539"]

1. c4 c6 2. Nc3 e6 3. e4 Nf6 4. e5 Ng8 5. d4 d5 6. exd6 Qxd6 7. Nf3 g6 8. 
g3 Nf6 9. Bf4 Qb4 10. Qc2 Bg7 11. c5 O-O 12. Bc7 Na6 13. a3 Qxc3+ 14. bxc3
Nxc7 15. Bg2 Nfd5 16. a4 b6 17. cxb6 axb6 18. O-O b5 19. c4 Nb4 20. Qb3 c5
21. axb5 Rb8 22. Ra7 Rb7 23. Rxb7 Bxb7 24. dxc5 Nbd5 25. cxd5 Bxd5 26. Qb4
Rb8 27. b6 Na6 28. Qb5 Bf6 29. Qxa6 Ra8 30. Qb5 Bb7 31. c6 Ba6 32. b7 Bxb7
33. cxb7 Rb8 34. Rc1 1-0

[Event "Premier Quad, S40459"]
[Site "CCLA"]
[Date "2014.12.29"]
[Round "?"]
[White "Shepherd, Christopher B."]
[Black "Catania, Duane"]
[Result "1-0"]
[WhiteElo "1682"]
[BlackElo "1774"]

1. Nf3 d5 2. c4 c6 3. g3 Nf6 4. Bg2 Bf5 5. cxd5 cxd5 6. Qb3 Qc8 7. Nc3 e6 
8. d3 Nc6 9. Bf4 Qd7 10. Ne5 Nxe5 11. Bxe5 Bd6 12. Bxd6 Qxd6 13. O-O O-O 
14. Rac1 Qb6 15. Qxb6 axb6 16. e4 dxe4 17. dxe4 Bg6 18. Rfd1 e5 19. Rd6 
Ra6 20. Rcd1 h6 21. f3 b5 22. a3 Rxd6 23. Rxd6 b4 24. axb4 Rc8 25. Bf1 Kf8
26. Rb6 Rc7 27. Bb5 Ke7 28. Rxf6 gxf6 29. Nd5+ Kd6 30. Nxc7 Kxc7 31. Bc4 
Kb6 32. Kf2 f5 33. exf5 Bxf5 34. Bxf7 Kb5 35. Ke3 Kxb4 36. g4 Bh7 37. h4 
Kc5 38. g5 1-0

[Event "Herbert W. Gustafson Memorial Open, S47119"]
[Site "CCLA"]
[Date "2014.10.27"]
[Round "?"]
[White "McLaughlin, Ed"]
[Black "Blankenship, Jerry T."]
[Result "0-1"]
[WhiteElo "1561"]
[BlackElo "1599"]

1. c4 c6 2. Nc3 d5 3. e3 Nf6 4. b3 e5 5. d4 Bb4 6. Bd2 exd4 7. exd4 Bxc3 
8. Bxc3 Ne4 9. Bb4 Na6 10. Ba3 Qa5+ 0-1

[Event "2014 Server Championship, S40029"]
[Site "CCLA"]
[Date "2014.01.27"]
[Round "?"]
[White "Anderson, Aaron J."]
[Black "Edwards, K. E. D. G."]
[Result "1/2-1/2"]
[WhiteElo "2308"]
[BlackElo "2319"]

1. Nf3 Nf6 2. c4 c6 3. b3 d5 4. Bb2 Bg4 5. e3 e6 6. Be2 Nbd7 7. Nc3 Bd6 8.
 Nd4 Bxe2 9. Qxe2 O-O 10. cxd5 exd5 11. Nf5 Be5 12. f4 Bxf4 13. exf4 Re8 
14. Ne3 d4 15. O-O dxc3 16. Bxc3 Nd5 17. Bb2 N7f6 18. Qf3 Qb6 19. Rfe1 Re6
20. Re2 Rae8 21. Rae1 Nxe3 22. dxe3 Ne4 23. Be5 f5 24. g4 Ng5 25. Qg2 Rxe5
26. fxe5 f4 27. Qf1 f3 28. Rd2 Qc5 29. Qc4+ Qxc4 30. bxc4 Ne4 31. Rb2 f2+ 
32. Rxf2 Nxf2 33. Kxf2 Rxe5 34. Rd1 Kf7 35. c5 Kf6 36. Rd7 Re7 37. g5+ Ke6
38. Rd6+ Ke5 39. h4 g6 40. Ke2 Rc7 41. a4 Kf5 42. Kf3 1/2-1/2

[Event "Open Server Series, S40179"]
[Site "CCLA"]
[Date "2014.06.02"]
[Round "?"]
[White "Carter, Maurice H."]
[Black "Smail, John"]
[Result "1-0"]
[WhiteElo "2041"]
[BlackElo "1836"]

1. c4 e6 2. g3 f5 3. Bg2 Nf6 4. Nc3 Be7 5. d3 O-O 6. Nf3 d6 7. O-O Nc6 8. 
b3 Qe8 9. Bb2 Qh5 10. Nb5 Bd8 11. Nfd4 Ng4 12. h3 Nge5 13. Nc2 f4 14. gxf4
Rxf4 15. d4 Nf7 16. e3 Rh4 17. Qxh5 Rxh5 18. Kh2 a6 19. Nc3 e5 20. Ne4 Ng5
21. Nxg5 Bxg5 22. f4 Bf6 23. fxe5 dxe5 24. d5 Ne7 25. c5 Nf5 26. Bf3 Rh4 
27. Bg4 Nh6 28. Bxc8 Rxc8 29. Rad1 Nf7 30. Kg2 Ng5 31. Rf5 Re8 32. d6 cxd6
33. cxd6 Kf7 34. d7 Rd8 35. Bxe5 Ke6 36. Bxf6 gxf6 37. Rfd5 Nf7 38. Rc5 
Nd6 39. Nd4+ Ke7 40. Rd5 Re4 41. Rh5 Kxd7 42. Kf3 Kc8 43. Rxh7 Re5 44. 
Rc1+ Kb8 45. Rcc7 Rc8 46. Rcd7 Rd5 47. h4 Rc3 48. Ke2 Rcc5 49. h5 Kc8 50. 
h6 Nb5 51. Ne6 1-0

[Event "Premier Quad, S40279"]
[Site "CCLA"]
[Date "2014.09.12"]
[Round "?"]
[White "Pronovost, David"]
[Black "Catania, Duane"]
[Result "0-1"]
[WhiteElo "1799"]
[BlackElo "1774"]

1. c4 e6 2. Nf3 b6 3. d4 Bb7 4. Nc3 Bb4 5. Qd3 f5 6. Bg5 Nf6 7. O-O-O O-O 
8. a3 Be7 9. Nd2 Ng4 10. Bxe7 Nxf2 11. Qg3 Nxh1 12. Qg5 Qe8 13. Bxf8 Qxf8 
14. Qe3 Nc6 15. Nf3 Na5 16. Qg1 Nxc4 17. Qxh1 Nxa3 18. bxa3 Qxa3+ 19. Kc2 
Be4+ 20. Nxe4 fxe4 21. Nd2 e3 22. Nc4 Qa4+ 23. Kc1 Qxc4+ 24. Kb1 Rf8 25. 
g4 d5 26. Qg1 Qc3 27. Bh3 Rf2 28. Bf1 a5 29. g5 a4 30. Rc1 Qb3+ 31. Ka1 a3
32. Rb1 Qc3+ 33. Ka2 Qc2+ 34. Ka1 a2 35. Rb2 Qc1+ 36. Kxa2 Rf8 37. Rb3 
Ra8+ 38. Ra3 Rxa3# 0-1

[Event "Premier Quad, S40459"]
[Site "CCLA"]
[Date "2014.12.29"]
[Round "?"]
[White "Shepherd, Christopher B."]
[Black "Laven, George"]
[Result "1/2-1/2"]
[WhiteElo "1682"]
[BlackElo "1834"]

1. Nf3 Nf6 2. c4 e6 3. g3 b6 4. Bg2 Bb7 5. O-O Be7 6. b3 c5 7. Bb2 a6 8. 
e3 O-O 9. Qe2 d6 10. Nc3 Nbd7 11. d4 Ne4 12. Rfd1 Nxc3 13. Bxc3 cxd4 14. 
Bxd4 Qc7 15. Rac1 Rac8 16. Ne1 Bxg2 17. Kxg2 Nc5 18. Bxc5 dxc5 19. Rd3 
Rfd8 20. Rcd1 1/2-1/2

[Event "NA Class B Server Championship, S40119"]
[Site "CCLA"]
[Date "2014.04.30"]
[Round "?"]
[White "Smail, John"]
[Black "Laaman, Thomas"]
[Result "1-0"]
[WhiteElo "1836"]
[BlackElo "1588"]

1. Nf3 d5 2. c4 e6 3. b3 c5 4. Bb2 Nc6 5. e3 Nf6 6. d4 cxd4 7. Nxd4 Be7 8.
 Nd2 O-O 9. Be2 Re8 10. O-O Qb6 11. cxd5 exd5 12. Rc1 Bd7 13. Bd3 Rac8 14.
 Nf5 Nb4 15. Nxe7+ Rxe7 16. Rxc8+ Bxc8 17. Bb1 Bg4 18. Nf3 h6 19. a3 Na6 
20. b4 Nc7 21. Qd3 g6 22. Nd4 Ne6 23. Nb5 Bf5 24. Qc3 d4 25. Nxd4 Nxd4 26.
 Qxd4 Qxd4 27. Bxd4 Re6 28. Bxf5 gxf5 29. Rc1 Nd5 30. Rc8+ Kh7 31. Rc5 Rd6
32. h4 b6 33. Rc8 Kg6 34. g3 Rd7 35. Kg2 f6 36. Kf3 Kf7 37. g4 fxg4+ 38. 
Kxg4 Kg6 39. h5+ Kg7 40. Kf5 Ne7+ 41. Ke6 Rxd4 42. exd4 Nxc8 43. Kd7 Kf7 
44. Kxc8 Ke6 45. Kb7 a5 46. Kc6 1-0

[Event "Herbert W. Gustafson Memorial Open, S47029"]
[Site "CCLA"]
[Date "2014.10.27"]
[Round "?"]
[White "Anderson, Aaron J."]
[Black "Caliguire, John J."]
[Result "1/2-1/2"]
[WhiteElo "2308"]
[BlackElo "2233"]

1. Nf3 Nf6 2. c4 e6 3. g3 d5 4. Bg2 d4 5. b3 c5 6. O-O Nc6 7. e3 Bd6 8. 
exd4 cxd4 9. d3 O-O 10. Re1 e5 11. Ba3 a5 12. c5 Bc7 13. Nbd2 Nd5 14. Nc4 
f6 15. Bb2 Bg4 16. a3 Rb8 17. Qc2 Qd7 18. Nfd2 Bh3 19. Bf3 Nce7 20. Rac1 
Rfd8 21. Ne4 b5 22. cxb6 Bxb6 23. Qe2 Bc7 24. Qd2 Qb5 25. Bd1 Qa6 26. Qe2 
Qb7 27. Qh5 Bf5 28. Qe2 Qb5 29. Qc2 Bg6 30. Rf1 Rdc8 1/2-1/2

[Event "Premier Quad, S40319"]
[Site "CCLA"]
[Date "2014.09.26"]
[Round "?"]
[White "Beavan, Robert"]
[Black "Stroup, Jim"]
[Result "1/2-1/2"]
[WhiteElo "1937"]
[BlackElo "1768"]

1. c4 Nf6 2. g3 e6 3. Bg2 d5 4. Nf3 dxc4 5. Qa4+ Nbd7 6. Qxc4 Bd6 7. d4 
O-O 8. O-O Nb6 9. Qc2 Bd7 10. Nc3 Nfd5 11. Ne4 Qe7 12. a3 h6 13. Nc5 Bb5 
14. Re1 Bxc5 15. dxc5 Na4 16. Nd4 a6 17. Nxb5 axb5 18. e4 Nf6 19. Be3 b6 
20. cxb6 cxb6 21. f3 Nd7 22. f4 e5 23. b3 Rac8 24. Qd3 exf4 25. Bxf4 Ndc5 
26. Qxb5 Nb2 27. Be3 Qe6 28. Rab1 Nbd3 29. Red1 Ne5 30. Bd4 Rfd8 31. Bxe5 
Qxe5 32. Qxb6 Rd7 33. Rxd7 Nxd7 34. Qe3 Rc3 35. Qa7 Rc2 36. Rf1 Rd2 37. b4
1/2-1/2

[Event "Premier Quad, S40459"]
[Site "CCLA"]
[Date "2014.12.29"]
[Round "?"]
[White "Shepherd, Christopher B."]
[Black "Clancey, James"]
[Result "0-1"]
[WhiteElo "1682"]
[BlackElo "2053"]

1. Nf3 Nf6 2. c4 e6 3. g3 d5 4. Bg2 Be7 5. O-O O-O 6. b3 c5 7. e3 Nc6 8. 
Bb2 d4 9. exd4 cxd4 10. Re1 Ne8 11. Ne5 Nxe5 12. Rxe5 Rb8 13. f4 Nd6 14. 
Na3 Nf5 15. Rxf5 exf5 16. d3 Bxa3 17. Bxa3 Re8 18. Qd2 b6 19. Re1 Bb7 20. 
Rxe8+ Qxe8 21. Bd6 Rd8 22. Bxb7 Rxd6 23. Bd5 Qe3+ 24. Qxe3 dxe3 25. Kf1 
Rh6 0-1

[Event "Premier Quad, S40289"]
[Site "CCLA"]
[Date "2014.09.15"]
[Round "?"]
[White "Disque, Philip"]
[Black "Smail, John"]
[Result "0-1"]
[WhiteElo "1669"]
[BlackElo "1836"]

1. Nf3 Nf6 2. c4 b6 3. g3 Bb7 4. Bg2 e5 5. O-O d6 6. Nc3 g6 7. d4 exd4 8. 
Nxd4 Bxg2 9. Kxg2 Bg7 10. e4 O-O 11. Bg5 h6 12. Be3 Re8 13. f3 Qd7 14. Qd2
Kh7 15. Rfd1 a5 16. Ndb5 Nc6 17. a3 a4 18. Nd5 Rac8 19. Ndxc7 Rxc7 20. 
Nxc7 Qxc7 21. Qxd6 Qb7 22. Qd2 Ne5 23. Qd4 Nxf3 24. Kxf3 Rxe4 25. Qxb6 
Rxe3+ 0-1

[Event "3rd TCCL Friendly Server Tournament, 3rdTCCL"]
[Site "CCLA"]
[Date "2014.07.10"]
[Round "?"]
[White "Smith, Jason A."]
[Black "Latta, David A."]
[Result "1-0"]
[WhiteElo "1717"]
[BlackElo "1350"]

1. c4 g6 2. g3 Bg7 3. Bg2 Nf6 4. Nc3 Nc6 5. e3 b6 6. Nge2 Bb7 7. b3 O-O 8.
 Bb2 e5 9. O-O Qe7 10. d4 exd4 11. Nxd4 Rfe8 12. Nxc6 Bxc6 13. Bxc6 dxc6 
14. Qc2 Ne4 15. Nxe4 Qxe4 16. Qxe4 Rxe4 17. Bxg7 Kxg7 18. Rad1 b5 19. cxb5
cxb5 20. Rd7 Rc8 21. Rc1 Ree8 22. Rcxc7 Rxc7 23. Rxc7 a6 24. Ra7 Re6 25. 
Kf1 h5 26. h4 Kf6 27. Ke2 Ke5 28. Rxf7 Rf6 29. Rxf6 Kxf6 30. e4 Ke5 31. 
Ke3 a5 32. f4+ Kf6 33. Kd4 Ke6 34. Kc5 b4 35. Kb5 1-0

[Event "Continuous Server Series, S40059"]
[Site "CCLA"]
[Date "2014.02.19"]
[Round "?"]
[White "Smith, Dan W."]
[Black "Stroup, Jim"]
[Result "0-1"]
[WhiteElo "1435"]
[BlackElo "1768"]

1. c4 Nf6 2. Nc3 e6 3. Nf3 Bb4 4. Qc2 O-O 5. a3 Bxc3 6. Qxc3 d6 7. d3 e5 
8. e4 Bg4 9. Be2 c5 10. h3 Bxf3 11. Bxf3 a5 12. Bg5 Nc6 13. O-O Nd4 14. 
Bd1 h6 15. Bh4 g5 16. Bg3 a4 17. Qd2 Ne8 18. Bh5 Nb3 19. Qc3 Nxa1 20. Rxa1
Ng7 21. Be2 Ne6 22. Rb1 Nd4 23. Bh5 b5 24. cxb5 Rb8 25. b4 Rxb5 26. Qc4 
cxb4 27. axb4 Qb8 28. Bd1 Rc8 29. Qa2 Rxb4 0-1

[Event "Herbert W. Gustafson Memorial Open, S47059"]
[Site "CCLA"]
[Date "2014.10.27"]
[Round "?"]
[White "Carter, Maurice H."]
[Black "Beckett, Phillip J."]
[Result "1/2-1/2"]
[WhiteElo "2041"]
[BlackElo "2036"]

1. c4 e5 2. g3 Nf6 3. Bg2 d5 4. cxd5 Nxd5 5. Nf3 Nc6 6. O-O Nb6 7. b3 Bd6 
8. Nc3 O-O 9. d4 exd4 10. Nxd4 Nxd4 11. Qxd4 c5 12. Qe3 Re8 13. Qf3 Be5 
14. Ba3 Nd7 15. Rad1 Qa5 16. Na4 Nf6 17. Bxc5 Rb8 18. Bd4 Bg4 19. Qc3 Qxc3
20. Nxc3 Bxd4 21. Rxd4 Bxe2 22. Nxe2 Rxe2 23. Ra4 a6 24. Rc1 g6 25. Bf3 
Rb2 26. Rc7 Rd8 27. Bxb7 Kg7 28. a3 Rdd2 29. Rf4 Rxb3 1/2-1/2

[Event "2nd TCCL Friendly Server Tournament, 2ndTCCL"]
[Site "CCLA"]
[Date "2014.06.15"]
[Round "?"]
[White "Sherry, Katie P."]
[Black "Buganza, Nathan J."]
[Result "0-1"]
[WhiteElo "1301"]
[BlackElo "1427"]

1. c4 e5 2. g4 d5 3. d3 d4 4. Qa4+ Qd7 5. Qxd7+ Bxd7 6. Nf3 Nc6 7. Rg1 Nh6
8. Na3 Bxa3 9. bxa3 Bxg4 10. Nh4 Ne7 11. f3 Bd7 12. Rxg7 O-O-O 13. Rg5 f6 
14. Rg3 Nf7 15. Bh3 Bxh3 16. Rxh3 Rhg8 17. Rg3 Rxg3 18. hxg3 Rg8 19. f4 c5
20. fxe5 fxe5 21. Kf2 b6 22. a4 Nd6 23. Nf3 h5 24. Nxe5 Rh8 25. Bg5 Nef5 
26. Nc6 Kb7 27. Bf6 Rf8 28. e4 Kxc6 29. Be7 Nxe7+ 30. Ke2 Ng6 31. Rh1 Rh8 
32. g4 h4 33. Rf1 Rf8 34. Re1 Rf4 35. Rg1 Nf7 36. Kd2 Nfe5 37. a5 Rxg4 38.
 Rf1 Rg2+ 39. Ke1 Rxa2 40. axb6 Ra1+ 41. Kf2 Rxf1+ 42. Kxf1 Kxb6 43. Ke2 
a5 44. Kd2 h3 45. Ke1 h2 0-1

[Event "Continuous Server Series, S40199"]
[Site "CCLA"]
[Date "2014.06.09"]
[Round "?"]
[White "Howard, James"]
[Black "Duncovich, Mark"]
[Result "0-1"]
[WhiteElo "1183"]
[BlackElo "1501"]

1. c4 e5 2. d3 d5 3. Qc2 Nf6 4. Bd2 Be6 5. Nc3 d4 6. Nb5 a6 7. O-O-O axb5 
8. cxb5 Bd6 9. e3 O-O 10. exd4 Rxa2 11. Qb1 Nbd7 12. b3 Qa8 13. d5 Bxd5 
14. d4 Ba3+ 15. Qb2 Bxb2+ 16. Kc2 Bxd4+ 17. Kd3 Nc5+ 18. Ke2 Bxb3 19. Kf3 
e4+ 20. Kf4 Bxd1 21. f3 Ne6+ 22. Kf5 Rxd2 23. fxe4 Rf2+ 24. Nf3 Bxf3 25. 
gxf3 Rxf3# 0-1

[Event "Herbert W. Gustafson Memorial Open, S47059"]
[Site "CCLA"]
[Date "2014.10.27"]
[Round "?"]
[White "Carter, Maurice H."]
[Black "Clancey, James"]
[Result "1/2-1/2"]
[WhiteElo "2041"]
[BlackElo "2053"]

1. c4 e5 2. g3 Nf6 3. Bg2 d5 4. cxd5 Nxd5 5. Nf3 Nc6 6. O-O Nb6 7. d3 Be7 
8. Be3 O-O 9. Nc3 Re8 10. d4 exd4 11. Nxd4 Nb4 12. Qc1 N4d5 13. Nc2 Nxc3 
14. bxc3 c6 15. Rd1 Bd7 16. Qb1 Qc8 17. Bxb6 axb6 18. Qxb6 Bf6 19. Nd4 Bg4
20. f3 Bd7 21. f4 Bg4 22. Rd2 Bxd4+ 23. cxd4 Rxe2 24. Rxe2 Bxe2 25. d5 
cxd5 1/2-1/2

[Event "Summer Server Series, S40051"]
[Site "CCLA"]
[Date "2014.07.28"]
[Round "?"]
[White "Quirk, Michael"]
[Black "Shannon, Paul D."]
[Result "1-0"]
[WhiteElo "2205"]
[BlackElo "1832"]

1. c4 e5 2. g3 Nf6 3. Bg2 c6 4. d4 Bb4+ 5. Bd2 Bxd2+ 6. Qxd2 d6 7. Nc3 O-O
8. e3 Nbd7 9. Nge2 Re8 10. h3 a6 11. g4 Qa5 12. g5 exd4 13. exd4 Nh5 14. 
Bf3 g6 15. O-O-O Ng7 16. Ne4 Qxa2 17. Nxd6 Re7 18. Nc3 Qa5 19. Rhe1 Rxe1 
20. Rxe1 Nf8 21. Nce4 Qxd2+ 22. Kxd2 Nf5 23. d5 Nxd6 24. Nxd6 Bxh3 25. Re7
cxd5 26. Bxd5 Be6 27. Nxf7 Bxd5 28. cxd5 b5 29. d6 1-0

[Event " Herbert W. Gustafson Memorial Open, S47109"]
[Site "CCLA"]
[Date "2014.10.27"]
[Round "?"]
[White "Zarges, Ron V."]
[Black "Hadley, Douglas R."]
[Result "1/2-1/2"]
[WhiteElo "1651"]
[BlackElo "1576"]

1. c4 e5 2. g3 Nf6 3. Bg2 Bc5 4. Nc3 O-O 5. d3 c6 6. Nf3 d6 7. O-O h6 8. 
Rb1 Re8 9. b4 Bb6 10. Na4 Bc7 11. e4 Bg4 12. Qc2 Nbd7 13. Bd2 Rb8 14. h3 
Be6 15. c5 d5 16. b5 dxe4 17. dxe4 cxb5 18. Rxb5 a6 19. Rb2 Ba5 20. Rd1 
Bxd2 21. Nxd2 Qc7 22. Rc1 Rec8 23. Nb6 Nxb6 24. cxb6 Qxc2 25. Rbxc2 Rxc2 
26. Rxc2 Rc8 27. Rxc8+ Bxc8 28. a4 Be6 29. a5 Ne8 30. Bf1 Nd6 31. f3 f6 
32. Kf2 Kf7 33. f4 Ke7 34. fxe5 fxe5 35. Ke3 Kd7 36. Nf3 Nf7 37. Kd3 Kc6 
38. Kc3 Kc5 39. Bxa6 Bc8 40. Bf1 Nd6 41. g4 Nxe4+ 42. Kb3 Kd6 43. Kc4 Ke6 
44. Kd3 Nc5+ 45. Kc4 1/2-1/2

[Event "Premier Quad, S40319"]
[Site "CCLA"]
[Date "2014.09.26"]
[Round "?"]
[White "Beavan, Robert"]
[Black "Shannon, Paul D."]
[Result "1/2-1/2"]
[WhiteElo "1937"]
[BlackElo "1832"]

1. c4 e5 2. g3 Nf6 3. Bg2 c6 4. d4 Bb4+ 5. Bd2 Bxd2+ 6. Qxd2 d6 7. Nc3 O-O
8. e3 Nbd7 9. Nge2 Re8 10. O-O Nf8 11. d5 c5 12. e4 a6 13. b3 Ng6 14. Rfe1
Bd7 15. a4 Qc8 16. f3 1/2-1/2

[Event " NA Class A Server Championship, S40109"]
[Site "CCLA"]
[Date "2014.04.30"]
[Round "?"]
[White "Calkins, Donn"]
[Black "Ramsden, Jim E."]
[Result "1-0"]
[WhiteElo "1938"]
[BlackElo "1836"]

1. c4 e5 2. g3 c6 3. Nc3 d5 4. b3 Nf6 5. Bg2 Bc5 6. Bb2 Be6 7. Rc1 Nbd7 8.
 cxd5 cxd5 9. e3 O-O 10. Nge2 Rc8 11. d4 Bb4 12. dxe5 Nxe5 13. O-O Qd7 14.
 Nxd5 Nxd5 15. Bxe5 Rxc1 16. Qxc1 Rc8 17. Qb2 f6 18. Bd4 b6 19. Rc1 Rxc1+ 
20. Nxc1 Ne7 21. Nd3 Bd6 22. Be4 Bf5 23. Bxf5 Nxf5 24. Qc3 Qc7 25. Qxc7 
Bxc7 26. Bc3 Bd6 27. Kg2 Kf7 28. e4 Ne7 29. Kf3 Ng6 30. Kg4 Ke6 31. f4 Ne7
32. f5+ Kf7 33. e5 fxe5 34. Nxe5+ Bxe5 35. Bxe5 Nc6 36. Bc3 Ne7 37. h4 Nd5
38. Bb2 Ne3+ 39. Kf4 Nd5+ 40. Ke4 Nb4 41. a3 Nc6 42. g4 h6 43. b4 g6 44. 
fxg6+ Kxg6 45. Kd5 Ne7+ 46. Ke6 Nc6 47. Kd7 Nb8+ 48. Kc7 1-0

[Event " Herbert W. Gustafson Memorial Open, S47109"]
[Site "CCLA"]
[Date "2014.10.27"]
[Round "?"]
[White "Gomolka, Ed P."]
[Black "Zarges, Ron V."]
[Result "0-1"]
[WhiteElo "1643"]
[BlackElo "1651"]

1. c4 e5 2. Nc3 Bb4 3. g3 Bxc3 4. dxc3 d6 5. Bg2 f5 6. c5 e4 7. cxd6 cxd6 
8. Bf4 d5 9. Nh3 Nf6 10. f3 O-O 11. fxe4 fxe4 12. O-O Qb6+ 13. Kh1 Qxb2 
14. Bd2 Nc6 15. Qc1 Qxc1 16. Raxc1 Bg4 17. Nf4 Ne5 18. Rf2 Nc4 19. Rc2 e3 
20. Bxe3 Nxe3 21. Rd2 Nxg2 22. Kxg2 Ne4 23. Rxd5 Nxf2 24. Kxf2 Rac8 25. 
Kg2 Rxc3 26. h3 Bf5 27. a4 Be4+ 0-1

[Event "Herbert W. Gustafson Memorial Open, S47099"]
[Site "CCLA"]
[Date "2014.10.27"]
[Round "?"]
[White "Avery, Bryce"]
[Black "Evans, Stanley W."]
[Result "0-1"]
[WhiteElo "1663"]
[BlackElo "1787"]

1. c4 e5 2. Nc3 d6 3. Nf3 f5 4. e4 Nf6 5. Qc2 fxe4 6. Nxe4 Nc6 7. Be2 Nxe4
8. Qxe4 Qf6 9. d4 Bf5 10. dxe5 dxe5 11. Qd5 Bb4+ 12. Bd2 Rd8 13. Qb5 Bxd2+
14. Nxd2 O-O 15. Nb3 Bh3 16. O-O Qg6 17. g3 Qe4 0-1

[Event "NA Master/Expert Server Championship, S40099"]
[Site "CCLA"]
[Date "2014.04.30"]
[Round "?"]
[White "Carter, Maurice H."]
[Black "Quirk, Michael"]
[Result "0-1"]
[WhiteElo "2043"]
[BlackElo "2175"]

1. c4 e5 2. Nc3 Nf6 3. g3 Bb4 4. Bg2 O-O 5. Nf3 Re8 6. O-O e4 7. Ng5 Bxc3 
8. bxc3 h6 9. Nh3 d6 10. Nf4 c6 11. h4 Nbd7 12. d3 Qc7 13. d4 d5 14. cxd5 
cxd5 15. Qc2 Nb6 16. e3 Nc4 17. Qd1 Bf5 18. Bh3 Bxh3 19. Nxh3 Rac8 20. Kg2
Qd7 21. Rb1 Rc6 22. Nf4 Rec8 23. Rh1 R8c7 24. Qe2 b6 25. a4 Rb7 26. Rb4 
Na5 27. Bb2 Rbc7 28. Kf1 Nc4 29. Bc1 Nd6 30. Bd2 Qf5 31. Rg1 Nc4 32. Bc1 
h5 33. Kg2 Rc8 34. Rd1 Na5 35. Bb2 Qd7 36. Nxh5 Nxh5 37. Qxh5 Nc4 38. Rb5 
Rh6 39. Qe2 Rf6 40. Bc1 Rf3 41. Rh1 a6 42. Rb4 Qg4 43. Qe1 Rc6 44. Kg1 Rh6
45. Rxc4 dxc4 46. Kg2 g5 0-1

[Event "3rd TCCL Friendly Server Tournament, 3rdTCCL"]
[Site "CCLA"]
[Date "2014.07.10"]
[Round "?"]
[White "Smith, Jason A."]
[Black "Shaffer, Aaron"]
[Result "1-0"]
[WhiteElo "1717"]
[BlackElo "1383"]

1. c4 e5 2. Nc3 Nf6 3. g3 Bb4 4. Bg2 Bxc3 5. bxc3 O-O 6. d4 exd4 7. cxd4 
d5 8. cxd5 Nxd5 9. Qb3 Nf6 10. Bxb7 Bxb7 11. Qxb7 Qd5 12. Qxd5 Nxd5 13. 
Nf3 Na6 14. O-O Rfe8 15. e3 Rab8 16. Ba3 f6 17. Rab1 Rxb1 18. Rxb1 Rb8 19.
 Rxb8+ Nxb8 20. Nd2 Nd7 21. Kf1 f5 22. Ke2 g5 23. Kd3 h5 24. Nf3 g4 25. 
Nh4 Kh7 26. Nxf5 Kg6 27. e4 N5f6 28. Ne7+ Kf7 29. e5 Ng8 30. Nxg8 Kxg8 31.
 e6 Nf6 32. e7 Kf7 33. Kc4 Ng8 34. Kb5 1-0

[Event "Herbert W. Gustafson Memorial Open, S47019"]
[Site "CCLA"]
[Date "2014.10.27"]
[Round "?"]
[White "Vaughan, James"]
[Black "Edwards, K. E. D. G."]
[Result "1/2-1/2"]
[WhiteElo "2270"]
[BlackElo "2319"]

1. c4 e5 2. Nc3 Nf6 3. g3 Bb4 4. Nf3 e4 5. Nd4 Nc6 6. Nc2 Bxc3 7. dxc3 h6 
8. Bg2 d6 9. Ne3 O-O 10. O-O Re8 11. b3 Bd7 12. Nd5 a5 13. a4 Be6 14. Bf4 
Bxd5 15. cxd5 Ne5 16. Qc2 Nxd5 17. Bxe4 Nxf4 18. gxf4 Nc6 19. e3 d5 20. 
Bf3 Ra6 21. Kh1 Ne7 22. Rad1 Rd6 23. Rg1 Qd7 24. Qd3 Qh3 25. Qe2 c6 26. c4
Rdd8 27. Rd2 dxc4 28. Bg4 Qh4 29. bxc4 Rxd2 30. Qxd2 Ng6 31. h3 Nf8 32. 
Kg2 Qd8 33. Qxd8 Rxd8 34. Rb1 Rb8 35. Kg3 g6 36. f5 h5 37. Bf3 Nd7 38. 
fxg6 fxg6 39. Be4 Kf7 40. f4 Kf6 41. h4 Rd8 1/2-1/2

[Event "3rd TCCL Friendly Server Tournament, 3rdTCCL"]
[Site "CCLA"]
[Date "2014.07.10"]
[Round "?"]
[White "Smith, Jason A."]
[Black "Caliguire, John J."]
[Result "0-1"]
[WhiteElo "1717"]
[BlackElo "2233"]

1. c4 Nf6 2. Nc3 g6 3. g3 Bg7 4. Bg2 O-O 5. e3 d6 6. Nge2 e5 7. O-O c6 8. 
b3 Re8 9. Bb2 Na6 10. d4 e4 11. a3 Nc7 12. Qc2 Bf5 13. Rfd1 Qd7 14. b4 
Rac8 15. Rac1 d5 16. cxd5 cxd5 17. Qa4 Qxa4 18. Nxa4 Bg4 19. Rd2 Nb5 20. 
Rxc8 Rxc8 21. Nac3 Nd6 22. Ba1 Nc4 23. Ra2 Bf8 24. Nf4 Nb6 25. Bh3 Bxh3 
26. Nxh3 Bd6 27. Nb5 Bb8 28. Kg2 Nc4 29. a4 Kg7 30. Na3 Nxa3 31. Rxa3 Rc2 
32. Bc3 Ng4 33. Be1 Re2 34. Kf1 Rb2 35. Kg2 Bd6 36. Nf4 a5 37. Nxd5 Bxb4 
38. Bxb4 axb4 39. Ra1 Nxf2 40. Kf1 Nd3 41. Kg1 b3 42. Ra3 Rb1+ 43. Kg2 
Ne1+ 44. Kf2 Nc2 45. Nc3 Nxa3 46. Nxb1 Nxb1 47. Ke2 b2 48. Kd1 Na3 49. d5 
b1=Q+ 50. Kd2 Qd3+ 51. Kc1 Qc2# 0-1

[Event "3rd TCCL Friendly Server Tournament, 3rdTCCL"]
[Site "CCLA"]
[Date "2014.07.10"]
[Round "?"]
[White "Smith, Jason A."]
[Black "Lyons, Gage W."]
[Result "1-0"]
[WhiteElo "1717"]
[BlackElo "1252"]

1. c4 e5 2. Nc3 Nc6 3. g3 Bc5 4. e3 Nf6 5. Bg2 O-O 6. Nge2 d5 7. cxd5 Nb4 
8. Qb3 Nfxd5 9. Nxd5 Nxd5 10. Qxd5 Qxd5 11. Bxd5 c6 12. Bg2 Be6 13. O-O 
Bc4 14. Re1 Bxe2 15. Rxe2 f6 16. b3 Rac8 17. Bb2 Rcd8 18. Bc3 Rd6 19. Rd1 
Rfd8 20. b4 Bb6 21. b5 Rb8 22. bxc6 bxc6 23. Rb1 Bc5 24. Rxb8+ Kf7 25. 
Rb7+ Kg6 26. Bb4 Bxb4 27. Rxb4 c5 28. Rc4 a5 29. Rxc5 Ra6 30. Be4+ Kf7 31.
 Bxh7 g6 32. Rc7+ Ke8 33. Bxg6+ Kd8 34. Rf7 a4 35. d4 exd4 36. exd4 1-0

[Event "NA Master/Expert Server Championship, S40099"]
[Site "CCLA"]
[Date "2014.04.30"]
[Round "?"]
[White "Carter, Maurice H."]
[Black "Belanoff, Stuart"]
[Result "0-1"]
[WhiteElo "2043"]
[BlackElo "2294"]

1. c4 g6 2. g3 Bg7 3. Bg2 Nc6 4. Nc3 e5 5. e3 d6 6. a3 Nf6 7. h3 O-O 8. 
Nge2 Be6 9. d3 d5 10. Qb3 Na5 11. Qa4 b6 12. cxd5 Nxd5 13. Bd2 Nb3 14. 
Qxb3 Nxe3 15. Qa4 b5 16. Qe4 Nc2+ 17. Kd1 Nxa1 18. Qxa8 Qxa8 19. Bxa8 Rxa8
20. Nxb5 Rb8 21. Nxc7 Bb3+ 22. Kc1 e4 23. Nc3 exd3 24. Kb1 Nc2 25. Na6 Rc8
26. Nb4 Nd4 27. Be3 a5 28. Nbd5 Kf8 29. Nb6 Rc6 30. Nbd5 Nf3 31. h4 d2 32.
 Rf1 Ke8 33. Bf4 Kd7 34. Rh1 Ke6 35. Ne3 Bxc3 0-1

[Event "Open Server Series, S40179"]
[Site "CCLA"]
[Date "2014.06.02"]
[Round "?"]
[White "Smail, John"]
[Black "Ramsden, Jim E."]
[Result "1/2-1/2"]
[WhiteElo "1836"]
[BlackElo "1836"]

1. c4 e5 2. Nc3 Nf6 3. Nf3 Nc6 4. e3 Bb4 5. Qc2 Bxc3 6. Qxc3 Qe7 7. a3 d5 
8. b4 d4 9. Qc2 Bg4 10. e4 O-O 11. h3 Bh5 12. b5 Nd8 13. d3 c6 14. a4 Qc7 
15. g4 Bg6 16. Nh4 Ne6 17. Ng2 Nc5 18. f3 a6 19. Rb1 Qa5+ 20. Bd2 Qxa4 21.
 Qxa4 Nxa4 22. bxc6 bxc6 23. Be2 Rab8 24. Kf2 Nd7 25. f4 exf4 26. Bxf4 
Rxb1 27. Rxb1 Ndc5 28. Nh4 Ne6 29. Bd6 Rc8 30. Nxg6 hxg6 31. Ra1 Nac5 32. 
Ra3 Rd8 33. Bg3 Rd7 34. Ke1 Rb7 35. h4 Rb1+ 36. Kf2 1/2-1/2